[Event "III Festival Terre degli Elimi A"]
[Site "Erice ITA"]
[Date "2012.07.29"]
[Round "7"]
[White "Brunello, Marina"]
[Black "Batsiashvili, Nino"]
[WhiteElo "2240"]
[BlackElo "2434"]
[Result "0-1"]
[PlyCount "104"]
[EventDate "2012.07.25"]

1. e4 c6 2. d4 d5 3. e5 c5 4. c3 Nc6 5. h3 Bf5 6. Nf3 e6 7. Be2 f6 8. Qa4 a6 9.
exf6 Nxf6 10. Ne5 Qc8 11. Bf4 Be7 12. Nd2 b5 13. Qd1 cxd4 14. Nxc6 Qxc6 15.
cxd4 Bc2 16. Qc1 O-O 17. O-O Rac8 18. Nf3 Bf5 19. Qxc6 Rxc6 20. Rfc1 Rfc8 21.
Rxc6 Rxc6 22. Rc1 Rxc1+ 23. Bxc1 Nd7 24. Bf4 Nb6 25. Kf1 Nc4 26. Bc1 Bd6 27.
Bxc4 dxc4 28. Ne5 Be4 29. a3 a5 30. f3 Bd5 31. Ke2 Kf8 32. Bd2 Bc7 33. Nd7+ Ke7
34. Nc5 Bb6 35. Bc3 Kd6 36. Ne4+ Kc6 37. h4 b4 38. axb4 axb4 39. Bxb4 Bxe4 40.
fxe4 Bxd4 41. Ba3 h5 42. Kd2 Bf6 43. Kc2 Bxh4 44. b3 Kb5 45. Bd6 Bf6 46. Bb8 g5
47. Bg3 h4 48. Bd6 g4 49. Bf4 e5 50. Be3 h3 51. gxh3 gxh3 52. Bg1 Bg5 0-1

[Event "III Festival Terre degli Elimi A"]
[Site "Erice ITA"]
[Date "2012.07.29"]
[Round "7"]
[White "Calamia, Gianpaolo"]
[Black "Campo, Renato"]
[WhiteElo "1660"]
[BlackElo "2000"]
[Result "0-1"]
[PlyCount "74"]
[EventDate "2012.07.25"]

1. e4 g6 2. d4 Bg7 3. Be3 c5 4. c3 cxd4 5. cxd4 d5 6. e5 Nh6 7. Nc3 Nc6 8. Qb3
e6 9. Nb5 O-O 10. Nd6 Nf5 11. Nxf5 exf5 12. f4 Na5 13. Qb4 Be6 14. Nf3 Rc8 15.
Bd3 Re8 16. O-O Bf8 17. Qd2 Nc4 18. Bxc4 Rxc4 19. Rac1 Bb4 20. Qe2 Qa5 21. a3
Be7 22. Bd2 Qa6 23. Rxc4 dxc4 24. Bc3 Bd5 25. Ne1 Be4 26. g4 b5 27. gxf5 gxf5
28. Qh5 Qg6+ 29. Qxg6+ hxg6 30. Ng2 Rd8 31. Ne3 a5 32. Rd1 Bd3 33. Bxa5 Rxd4
34. Ng2 Bc5 35. Kh1 Be4 36. Rf1 Rd3 37. Bc3 Re3 0-1

[Event "III Festival Terre degli Elimi A"]
[Site "Erice ITA"]
[Date "2012.07.29"]
[Round "7"]
[White "Cannella, Simone"]
[Black "Todaro, Adriano"]
[WhiteElo "1800"]
[BlackElo "1550"]
[Result "1-0"]
[PlyCount "45"]
[EventDate "2012.07.25"]

1. Nc3 Nf6 2. e4 d6 3. Bc4 e5 4. d3 Be7 5. f4 Nc6 6. f5 Na5 7. Bb3 c6 8. Nh3
Qb6 9. Qf3 Nxb3 10. axb3 d5 11. Na4 Qb4+ 12. Bd2 dxe4 13. Qg3 Qd6 14. O-O exd3
15. cxd3 Ne4 16. dxe4 Qxd2 17. Qxg7 Qd4+ 18. Kh1 Rf8 19. Rad1 Qxe4 20. Rde1 Qd5
21. Rxe5 Qxb3 22. Rxe7+ Kxe7 23. Re1+ 1-0

[Event "III Festival Terre degli Elimi A"]
[Site "Erice ITA"]
[Date "2012.07.29"]
[Round "7"]
[White "D'Eredita', Elena"]
[Black "Cannella, Carlo"]
[WhiteElo "1634"]
[BlackElo "1950"]
[Result "1-0"]
[PlyCount "51"]
[EventDate "2012.07.25"]

1. e4 c6 2. Nc3 d5 3. exd5 cxd5 4. d4 Nc6 5. Bf4 Nf6 6. Nb5 Qa5+ 7. c3 e5 8.
dxe5 a6 9. exf6 axb5 10. Qxd5 Be6 11. Qxb5 Qa7 12. fxg7 Bxg7 13. Nf3 O-O 14.
Bd3 Rfe8 15. O-O Rad8 16. Ng5 Rd5 17. Bxh7+ Kh8 18. Qe2 Rxg5 19. Bxg5 Kxh7 20.
Qh5+ Kg8 21. Bh6 Bf6 22. Qf3 Be5 23. Rfe1 Qb8 24. Qh5 Bf6 25. Re3 Be5 26. Rg3+
1-0

[Event "III Festival Terre degli Elimi A"]
[Site "Erice ITA"]
[Date "2012.07.29"]
[Round "7"]
[White "Dagnino, Marcello"]
[Black "Rizza, Francesco"]
[WhiteElo "1488"]
[BlackElo "2039"]
[Result "0-1"]
[PlyCount "48"]
[EventDate "2012.07.25"]

1. e4 e5 2. Nf3 Nc6 3. d4 exd4 4. Nxd4 Nf6 5. Nxc6 bxc6 6. Bd3 d5 7. Qe2 dxe4
8. Bxe4 Nxe4 9. Qxe4+ Qe7 10. Nc3 Bf5 11. Qxe7+ Bxe7 12. O-O Bxc2 13. Re1 Kd7
14. Re2 Bg6 15. Bf4 Rhe8 16. Rd2+ Kc8 17. Re1 f6 18. Rde2 Kd7 19. Rd2+ Bd6 20.
Be3 Re6 21. Red1 Bh5 22. f3 Rxe3 23. Na4 Rae8 24. Nc5+ Kc8 0-1

[Event "III Festival Terre degli Elimi A"]
[Site "Erice ITA"]
[Date "2012.07.29"]
[Round "7"]
[White "Epishin, Vladimir V."]
[Black "Ljubisavljevic, Zivojin Z."]
[WhiteElo "2567"]
[BlackElo "2246"]
[Result "1-0"]
[PlyCount "56"]
[EventDate "2012.07.25"]

1. d4 Nf6 2. Nf3 g6 3. c3 Bg7 4. Bg5 O-O 5. Nbd2 d5 6. e3 Nbd7 7. Be2 c5 8. O-O
Qb6 9. Qb3 Re8 10. Rfd1 c4 11. Qc2 h6 12. Bh4 Nf8 13. b3 Bf5 14. Qc1 cxb3 15.
axb3 g5 16. Bg3 Ne4 17. Nxe4 dxe4 18. Ne5 Bxe5 19. Bxe5 Qxb3 20. c4 Qb6 21. c5
Qd8 22. Qb2 Qd5 23. Rdc1 Rec8 24. Rab1 Ng6 25. Bg3 a5 26. Bc4 Qd7 27. Qxb7 Qxb7
28. Rxb7 a4 {(...)} 1-0

[Event "III Festival Terre degli Elimi A"]
[Site "Erice ITA"]
[Date "2012.07.29"]
[Round "7"]
[White "Gelardi, Davide"]
[Black "Meo, Antonino"]
[WhiteElo "1731"]
[BlackElo "1646"]
[Result "1/2-1/2"]
[PlyCount "59"]
[EventDate "2012.07.25"]

1. c4 e6 2. Nc3 f5 3. Nf3 Nf6 4. g3 Be7 5. Bg2 O-O 6. d4 d5 7. cxd5 exd5 8. Bf4
c6 9. O-O Qe8 10. Rb1 Nbd7 11. b4 Nh5 12. Qd2 Ndf6 13. Rfc1 Ne4 14. Qe3 h6 15.
Be5 f4 16. gxf4 Qg6 17. Nxe4 dxe4 18. Nd2 Bf5 19. Kh1 Nf6 20. Bxf6 Bxf6 21.
Bxe4 Rae8 22. Bxf5 Qxf5 23. Qb3+ Kh8 24. e3 Bh4 25. f3 Qh3 26. e4 Rxf4 27. Qd3
Bf2 28. Rf1 Bg3 29. Qe2 Rh4 30. Rf2 1/2-1/2

[Event "III Festival Terre degli Elimi A"]
[Site "Erice ITA"]
[Date "2012.07.29"]
[Round "7"]
[White "La Franca, Vincenzo"]
[Black "Castelli, Giovanni J."]
[WhiteElo "1637"]
[BlackElo "1805"]
[Result "0-1"]
[PlyCount "118"]
[EventDate "2012.07.25"]

1. Nf3 d5 2. d4 Nf6 3. e3 Bf5 4. Bd3 Bg6 5. O-O e6 6. b3 Nbd7 7. Bb2 Be7 8.
Nbd2 O-O 9. Ne5 Nxe5 10. dxe5 Nd7 11. f4 Bxd3 12. cxd3 f5 13. Rf3 c5 14. Rh3
Qe8 15. Qh5 Qxh5 16. Rxh5 b5 17. Rc1 a5 18. a4 bxa4 19. bxa4 Rfb8 20. Ba3 Bf8
21. Rh3 Ra7 22. Rf3 Rab7 23. Rff1 Kf7 24. Rb1 Rxb1 25. Rxb1 Rxb1+ 26. Nxb1 Nb6
27. Nd2 Nxa4 28. e4 fxe4 29. dxe4 c4 30. Bxf8 c3 31. Nb3 Kxf8 32. exd5 exd5 33.
Kf2 c2 34. Ke2 Nc5 35. Nc1 d4 36. Kd2 d3 37. Kc3 Kf7 38. f5 h5 39. g3 Ke7 40.
h3 Ne4+ 41. Kxd3 Nxg3 42. f6+ gxf6 43. exf6+ Kxf6 44. Kxc2 Kg5 45. Nd3 Ne4 46.
Kb3 Nd2+ 47. Ka4 Nf3 48. Nf2 Kh4 49. Nd3 Kg3 50. Kxa5 Ng5 51. h4 Nf3 52. Kb4
Nxh4 53. Ne5 Kf4 54. Nd3+ Kg3 55. Ne5 Nf3 56. Ng6 Kg4 57. Kc3 Kg5 58. Ne7 h4
59. Nd5 h3 0-1

[Event "III Festival Terre degli Elimi A"]
[Site "Erice ITA"]
[Date "2012.07.29"]
[Round "7"]
[White "Lo Piccolo, Antonino"]
[Black "Bocci, Alessandro"]
[WhiteElo "1862"]
[BlackElo "1905"]
[Result "1-0"]
[PlyCount "119"]
[EventDate "2012.07.25"]

1. d4 Nf6 2. c4 g6 3. Nc3 Bg7 4. e4 d6 5. Be2 O-O 6. Bg5 c5 7. d5 e6 8. Nf3
exd5 9. cxd5 Re8 10. Nd2 a6 11. a4 Nbd7 12. O-O Qc7 13. Re1 h6 14. Bh4 Kh7 15.
f4 Rb8 16. Qc2 b6 17. h3 Bb7 18. Bf3 Ba8 19. Qd3 b5 20. axb5 axb5 21. Ra6 c4
22. Qc2 Nc5 23. Raa1 Nd3 24. Rf1 Nd7 25. Bf2 N7c5 26. Rxa8 Rxa8 27. Nxb5 Qd7
28. Nxc4 Qxb5 29. Nxd6 Qxb2 30. Qxb2 Bxb2 31. Nxe8 Nxf2 32. Kxf2 Bd4+ 33. Ke2
Rxe8 34. Rd1 Bf6 35. e5 Bd8 36. d6 Ne6 37. Bc6 Rf8 38. Ke3 Bb6+ 39. Ke4 Rc8 40.
Bd5 Nc5+ 41. Kf3 Kg7 42. Rb1 Rb8 43. Bc6 Ne6 44. Bd5 Nxf4 45. Kxf4 Be3+ 46.
Kxe3 Rxb1 47. Kd4 Kf8 48. Bc6 Rd1+ 49. Kc5 Re1 50. Kb6 Rxe5 51. Kc7 Re6 52. d7
Re7 53. Kc8 Rxd7 54. Kxd7 Kg7 55. Ke7 f6 56. Be4 h5 57. Bf3 h4 58. Be4 f5 59.
Bd3 Kh7 60. Kf6 1-0

[Event "III Festival Terre degli Elimi A"]
[Site "Erice ITA"]
[Date "2012.07.29"]
[Round "7"]
[White "Lorito, Francesco"]
[Black "Gangemi, Salvatore"]
[WhiteElo "1749"]
[BlackElo "2048"]
[Result "0-1"]
[PlyCount "80"]
[EventDate "2012.07.25"]

1. e4 e6 2. Qe2 d5 3. exd5 Qxd5 4. Nc3 Qd8 5. g3 Nf6 6. Bg2 c6 7. d3 Be7 8. Nf3
Qb6 9. O-O O-O 10. Rb1 Nbd7 11. Be3 Qa5 12. a3 Ng4 13. Bd2 Qd8 14. Rfe1 Nb6 15.
Ne4 Nf6 16. Ne5 Nxe4 17. Bxe4 Nd5 18. c4 Nf6 19. Bg2 a5 20. b4 axb4 21. axb4
Nd7 22. d4 Nxe5 23. dxe5 Ra2 24. Red1 f6 25. Qe3 fxe5 26. Bc3 Qe8 27. Bxe5
Rfxf2 28. Qxf2 Rxf2 29. Kxf2 Qh5 30. Ba1 e5 31. Kg1 Be6 32. c5 Ba2 33. Rbc1 Bg5
34. Re1 Bxc1 35. Rxc1 Qe2 36. Rf1 Bc4 37. Kh1 h5 38. h4 Bd5 39. Rg1 Bxg2+ 40.
Rxg2 Qf1+ 0-1

[Event "III Festival Terre degli Elimi A"]
[Site "Erice ITA"]
[Date "2012.07.29"]
[Round "7"]
[White "Marzaduri, Marco R."]
[Black "Fabiano, Giuseppe"]
[WhiteElo "1845"]
[BlackElo "2113"]
[Result "0-1"]
[PlyCount "31"]
[EventDate "2012.07.25"]

1. e4 c5 2. d4 cxd4 3. Nf3 a6 4. Nxd4 Nf6 5. Nc3 d6 6. Be2 Nbd7 7. Be3 e6 8. f4
Qc7 9. a4 b6 10. Bf3 Bb7 11. Nb3 Rc8 12. Qd2 Qb8 13. g4 Qa8 14. Qg2 g6 15. g5
Nh5 16. O-O {(...)} 0-1

[Event "III Festival Terre degli Elimi A"]
[Site "Erice ITA"]
[Date "2012.07.29"]
[Round "7"]
[White "Monaco, Alessandro"]
[Black "Galante, Benedetto"]
[WhiteElo "1700"]
[BlackElo "1657"]
[Result "1-0"]
[PlyCount "123"]
[EventDate "2012.07.25"]

1. e4 c5 2. Nc3 e6 3. g3 a6 4. Bg2 d6 5. d3 Nc6 6. f4 g6 7. Nf3 Bg7 8. Be3 Nge7
9. O-O O-O 10. Qd2 b5 11. d4 cxd4 12. Nxd4 Re8 13. Rad1 Na5 14. b3 Qc7 15. g4
Bb7 16. Nce2 Rad8 17. Ng3 e5 18. Nde2 Nac6 19. f5 f6 20. Bh6 Bh8 21. fxg6 hxg6
22. g5 Kf7 23. Nc3 Qd7 24. Qf2 Qe6 25. Nd5 Ng8 26. Nc7 Qe7 27. Nxe8 Kxe8 28.
gxf6 Bxf6 29. Be3 Rc8 30. Rd2 Nd8 31. Rfd1 Rc6 32. Bf1 Ne6 33. c4 bxc4 34. Bxc4
Qf7 35. Rxd6 Qe7 36. Qd2 Nd4 37. Rxd4 exd4 38. Bxd4 Bg5 39. Qe2 Nf6 40. e5 Nd7
41. Bd5 Rc7 42. Bxb7 Rxb7 43. Qe4 Nf8 44. Qc6+ Kf7 45. Rf1+ Kg8 46. Bc5 Rc7 47.
Bxe7 Rxc6 48. Bxg5 Ne6 49. Bf6 a5 50. Ne4 Rc2 51. Rf2 Rc1+ 52. Kg2 Re1 53. Nd6
g5 54. Nc4 a4 55. b4 Rb1 56. Rb2 Rc1 57. Na3 Nf4+ 58. Kf3 Rc3+ 59. Kg4 Rxa3 60.
b5 Nd3 61. Rd2 Nb4 62. e6 1-0

[Event "III Festival Terre degli Elimi A"]
[Site "Erice ITA"]
[Date "2012.07.29"]
[Round "7"]
[White "Palazzotto, Giuseppe"]
[Black "Ganci, Fabrizio"]
[WhiteElo "1893"]
[BlackElo "2156"]
[Result "0-1"]
[PlyCount "84"]
[EventDate "2012.07.25"]

1. d4 d5 2. c4 c6 3. Nf3 Nf6 4. Nc3 dxc4 5. e4 b5 6. Qc2 e6 7. Bg5 Qb6 8. Be2
Bb4 9. O-O Bxc3 10. bxc3 Bb7 11. Rab1 Qc7 12. e5 Nd5 13. Nd2 Nd7 14. Ne4 O-O
15. Nd6 Rab8 16. Bg4 N7b6 17. Rbe1 Na4 18. Bd2 c5 19. f4 cxd4 20. Nxb5 Qa5 21.
Nxd4 Ba8 22. Rb1 Naxc3 23. Nxe6 Rfe8 24. Rxb8 Rxb8 25. Ng5 g6 26. Ne4 Qxa2 27.
Qxa2 Nxa2 28. Ra1 c3 29. Rxa2 cxd2 30. Rxd2 Nxf4 31. Nf6+ Kg7 32. g3 h5 33. Bd7
Ng2 34. Bh3 Ne1 35. Rd7 Nf3+ 36. Kf2 Nxe5 37. Nxh5+ gxh5 38. Rxa7 Rb2+ 39. Kg1
Nf3+ 40. Kf1 Nxh2+ 41. Kg1 Nf3+ 42. Kf1 Bc6 0-1

[Event "III Festival Terre degli Elimi A"]
[Site "Erice ITA"]
[Date "2012.07.29"]
[Round "7"]
[White "Piazza, Francesco"]
[Black "Ferro, Ferruccio"]
[WhiteElo "1655"]
[BlackElo "1714"]
[Result "1/2-1/2"]
[PlyCount "55"]
[EventDate "2012.07.25"]

1. d4 b6 2. e4 e6 3. Bd3 Bb7 4. Nf3 Nf6 5. Nbd2 c5 6. c3 d5 7. e5 Ne4 8. Qe2
Nxd2 9. Bxd2 Be7 10. O-O Nc6 11. a3 cxd4 12. cxd4 f6 13. exf6 Bxf6 14. Qxe6+
Qe7 15. Qh3 Bc8 16. Qh5+ Qf7 17. Rfe1+ Kf8 18. Qxf7+ Kxf7 19. Ng5+ Bxg5 20.
Bxg5 h6 21. Be3 Re8 22. Bb5 Bd7 23. Rac1 Re6 24. Bd2 Rxe1+ 25. Rxe1 a6 26. Ba4
Re8 27. Rxe8 Bxe8 28. Bxc6 1/2-1/2

[Event "III Festival Terre degli Elimi A"]
[Site "Erice ITA"]
[Date "2012.07.29"]
[Round "7"]
[White "Savalla, Gianluca"]
[Black "Melograni, Francesco"]
[WhiteElo "1572"]
[BlackElo "1889"]
[Result "1/2-1/2"]
[PlyCount "32"]
[EventDate "2012.07.25"]

1. d4 Nf6 2. Nf3 d6 3. e3 g6 4. Bd3 Bg7 5. c3 O-O 6. O-O Re8 7. Nbd2 Nbd7 8. e4
e5 9. d5 Nh5 10. Re1 Nf4 11. Nb3 Nxd3 12. Qxd3 Nf8 13. Be3 f5 14. exf5 gxf5 15.
Qe2 Ng6 16. Bg5 Bf6 1/2-1/2

[Event "III Festival Terre degli Elimi A"]
[Site "Erice ITA"]
[Date "2012.07.29"]
[Round "7"]
[White "Savalla, Pietro"]
[Black "Messina, Damiano"]
[WhiteElo "1834"]
[BlackElo "1939"]
[Result "1/2-1/2"]
[PlyCount "79"]
[EventDate "2012.07.25"]

1. d4 d5 2. Nf3 Nf6 3. e3 e6 4. Bd3 c5 5. c3 Nc6 6. Nbd2 Bd6 7. O-O O-O 8. dxc5
Bxc5 9. e4 dxe4 10. Nxe4 Nxe4 11. Bxe4 f5 12. Bxc6 bxc6 13. Qxd8 Rxd8 14. Bf4
Ba6 15. Rfe1 Bc4 16. b3 Bd5 17. Ng5 Re8 18. c4 h6 19. Nh3 Be4 20. Be3 Bxe3 21.
Rxe3 c5 22. f3 Bc6 23. Rae1 Kf7 24. Re5 g5 25. Rxc5 Rac8 26. Nf2 Red8 27. Rce5
Re8 28. Kf1 Kf6 29. Nd3 Rcd8 30. Nc5 Rd6 31. b4 Ba8 32. Nb3 Be4 33. Rc5 Bd3+
34. Kf2 e5 35. Rd1 Red8 36. Nc1 Bb1 37. Rxd6+ Rxd6 38. Ke2 Ra6 39. Kd2 e4 40.
fxe4 1/2-1/2

[Event "III Festival Terre degli Elimi A"]
[Site "Erice ITA"]
[Date "2012.07.29"]
[Round "7"]
[White "Van Veenendaal, Elmer"]
[Black "Piazza, Dario"]
[WhiteElo "2096"]
[BlackElo "1829"]
[Result "1-0"]
[PlyCount "63"]
[EventDate "2012.07.25"]

1. e4 d5 2. exd5 Qxd5 3. Nc3 Qa5 4. d4 Nf6 5. Be2 c6 6. Nf3 Bf5 7. O-O e6 8.
Bf4 Bb4 9. Nd2 O-O 10. Nc4 Qd8 11. a3 Bxc3 12. bxc3 Ne4 13. Qe1 b5 14. Ne5 f6
15. Nd3 Re8 16. Bh5 Re7 17. g4 g5 18. Bc1 Nd6 19. gxf5 exf5 20. Qd1 Re4 21. f4
Re7 22. fxg5 fxg5 23. Ne5 Qb6 24. Kh1 h6 25. Qf3 Kg7 26. h4 Ne4 27. Rg1 Rxe5
28. dxe5 Nf2+ 29. Kh2 Qc5 30. Qxf5 Qxc3 31. Qf6+ Kg8 32. Bf7+ 1-0

[Event "III Festival Terre degli Elimi A"]
[Site "Erice ITA"]
[Date "2012.07.29"]
[Round "7"]
[White "Wallace, Mitchel"]
[Black "Ferrante, Filippo"]
[WhiteElo "1852"]
[BlackElo "1583"]
[Result "1-0"]
[PlyCount "65"]
[EventDate "2012.07.25"]

1. e4 e6 2. Nc3 d5 3. Nf3 Nf6 4. exd5 exd5 5. d4 Bb4 6. Bg5 Bg4 7. Be2 h6 8.
Bh4 O-O 9. O-O c6 10. Ne5 Bxe2 11. Qxe2 Re8 12. Qf3 Be7 13. Rfe1 Nbd7 14. Rad1
Nxe5 15. dxe5 Nd7 16. Bg3 Qb6 17. b3 Bb4 18. Re2 Re6 19. Na4 Qc7 20. Qg4 Rae8
21. Qxb4 Nxe5 22. Rde1 Qc8 23. Rxe5 Rxe5 24. Rxe5 Rxe5 25. Bxe5 Qf5 26. Bg3
Qxc2 27. h3 Qd1+ 28. Kh2 d4 29. Bf4 b6 30. Qd2 Qa1 31. b4 a5 32. bxa5 bxa5 33.
Be5 1-0